| 000 | 00972nam a2200241 a 4500 | ||
|---|---|---|---|
| 001 | 000002879 | ||
| 005 | 20210409103434.0 | ||
| 008 | 830303s1946 ag 000 0 spa | ||
| 040 |
_aDO-SdBNP _bspa _cBNPHU |
||
| 082 |
_a701 _bM392s |
||
| 100 | 1 |
_aMarx, Carlos, _g[Marx, Karl] _d1818-1883. _99147 |
|
| 245 | 1 | 0 |
_aSobre la literatura y el arte / _cCarlos Marx y Federico Engels; traductor, Pedro Peralta. |
| 260 |
_aBuenos Aires : _bCalomino, _c1946. |
||
| 300 |
_a236 p. ; _c18 cm. |
||
| 490 | 1 | _aBiblioteca de Cultura Integral | |
| 500 | _a"Selección de textos ... básicamente conforme a la presentada al lector francés en 1954 ... bajo el título de: Sur la literature et l'art. Textes choisis." | ||
| 650 | 4 |
_aArte y literatura _9652 |
|
| 650 | 4 |
_aSocialismo y arte _99148 |
|
| 650 | 4 |
_aSocialismo y arte _xHistoria _99149 |
|
| 700 | 1 |
_aPeralta, Pedro ; _etr. _99150 |
|
| 700 |
_aEngels, Federico, _d1820-1895 _960043 |
||
| 830 | 0 |
_aBiblioteca de Cultura Integral _99152 |
|
| 999 |
_c2713 _d2713 |
||